000 00761nam a2200277Ia 4500
008 160803s9999 xx 000 0 und d
020 _a978-0590481090
100 _aMyers, Walter Dean
245 _aMalcolm X :
245 _cby Walter Dean Myers.
260 _aNew York :
260 _bScholastic Inc.
260 _c1993
300 _axii, 210 pages :
300 _billustrations ;
300 _c22 cm.
650 _aAfrican Americans --
650 _aBlack Muslims --
650 _aBlack Muslims.
650 _aX, Malcolm, -- 1925-1965 --
650 _aX, Malcolm, -- 1925-1965.
650 _xBiography -- Juvenile literature.
650 _xBiography -- Juvenile literature.
650 _xJuvenile literature.
700 _a1050
999 _c298086
_d298086